Environmental Communication and the Public Sphere /
محفوظ في:
| المؤلف الرئيسي: | |
|---|---|
| مؤلفون آخرون: | |
| التنسيق: | كتاب |
| اللغة: | الإنجليزية |
| منشور في: |
Los Angeles, EUA :
Sage,
2016, c2016
|
| الطبعة: | 4a edición |
| الموضوعات: | |
| الوسوم: |
لا توجد وسوم, كن أول من يضع وسما على هذه التسجيلة!
|
MARC
| LEADER | 00000nam^a2200000^a^4500 | ||
|---|---|---|---|
| 001 | 000353939 | ||
| 005 | 20250521000000.0 | ||
| 009 | 20260310115122.926 | ||
| 020 | |a 978-1-4833-4433-1 | ||
| 037 | |a Acervo ITESO - Biblioteca | ||
| 041 | |a ING | ||
| 082 | |a 333. 72 |b COX | ||
| 100 | |a Cox, Robert |e (autor) | ||
| 245 | 1 | 0 | |a Environmental Communication and the Public Sphere / |c R. Cox, P.C. Pezzullo. |
| 250 | |a 4a edición | ||
| 264 | 4 | |a Los Angeles, EUA : |b Sage, |c 2016, c2016 | |
| 300 | |a XVI, 422 p. | ||
| 336 | |a texto |b txt |2 rdacontenido | ||
| 337 | |a sin mediación |b n |2 rdamedio | ||
| 338 | |a volumen |b nc |2 rdasoporte | ||
| 649 | |a XX | ||
| 650 | |a Conservación y Protección Ambiental | ||
| 650 | |a Movimientos Ecologistas | ||
| 650 | |a Medio Ambiente - |x Difusión - |x Tema Principal | ||
| 650 | |a Medios de Comunicación - |x Función Social | ||
| 650 | |a Ciencias Ambientales | ||
| 650 | |a Economía de la Tierra | ||
| 700 | |a Pezzullo, Phaedra C. |e (autor) | ||
| 910 | |a Fondo General | ||
| 920 | |a Impresos - Libros | ||
| 930 | |a Colección General | ||
| 905 | |a 101 | ||
| 901 | |a 0500246158 |b IT1 |c ACC |i C146785 |u 20250521 | ||
| 902 | |a https://opac.biblio.iteso.mx/vufind/Record/000353939 | ||